Statistics for Oil & Gas Fields of Gulf of Mexico #1

Click here to take the quiz!

General Stats

  • This quiz has been taken 3 times
  • The average score is 12 of 20

Answer Stats

HintAnswer% Correct
Colorado ski resortAspen
100%
Spotted breed of dogDalmatian
100%
Large sharkGreat White
100%
World's second largest mountainK2
100%
Ms. HorneLena
100%
Illinois universityNorthwestern
100%
Horse with spotted coatAppaloosa
67%
Warming onshore wind of western USAChinook
67%
Manufacturer of vacuum cleanersHoover
67%
Mike Oldfield's debut albumTubular Bells
67%
Winter camp during US Revolution WarValley Forge
67%
Hairless headBaldpate
33%
Discoverer of "Greenhouse Effect"Fourier
33%
Crazy canineMad Dog
33%
Author of SatyriconPetronius
33%
Marine fish, valued as delicacyPompano
33%
Hyena of The Lion KingShenzi
33%
Caribbean islandTobago
33%
South Pacific island nationTonga
33%
Triumvirate in RussianTroika
33%

Score Distribution

Percentile by Number Answered

Percent of People with Each Score

Your Score History

You have not taken this quiz